| 000 | 00883nam a22002297a 4500 | ||
|---|---|---|---|
| 999 |
_c5369 _d5369 |
||
| 003 | AR-CdUCM | ||
| 008 | 190312b ||||| |||| 00| 0 spa d | ||
| 040 |
_aMUNICIPALIDAD PROVINCIAL DEL CUSCO _cBIBLIOTECA MUNICIPAL DEL CUSCO |
||
| 082 |
_a301.243 / _bA31 |
||
| 100 |
_aAguedo, José _916187 |
||
| 245 |
_aEnergía y región : _bel debate sobre energía regional / |
||
| 260 |
_aPiura : _bCentro d investigación y promoción del campesino, _c1994. |
||
| 300 |
_a197 páginas ; _bimágenes. _c20 cm. _e+4 planos. |
||
| 505 | _aOferta energética -- Demanda energética -- Cuestión de la energía -- Mesa de trabajo de la energía... | ||
| 650 |
_aEnergía. _915841 |
||
| 650 |
_aElectricidad. _915840 |
||
| 650 |
_aGestión pública. _94100 |
||
| 650 |
_aProyectos de energía. _916188 |
||
| 700 |
_aMarticorena, Benjamin (editores) _916189 |
||
| 942 |
_2ddc _cLIBROS |
||
| 945 | _awfj | ||